000 00305nam a22001457a 4500
008 210309b ||||| |||| 00| 0 eng d
020 _abk4029h
041 _aeng
080 _a575
082 _2575
100 _a5
101 _aBIO
245 _a Biochemistry and Medical Genetics
942 _2udc
_cBK
999 _c56064
_d56064